LEADER 02302nam 2200553 450 001 9910456902203321 005 20200520144314.0 010 $a1-4698-8578-6 035 $a(CKB)2430000000022380 035 $a(EBL)3418642 035 $a(SSID)ssj0000353625 035 $a(PQKBManifestationID)11275835 035 $a(PQKBTitleCode)TC0000353625 035 $a(PQKBWorkID)10305759 035 $a(PQKB)10693711 035 $a(MiAaPQ)EBC2032546 035 $a(Au-PeEL)EBL2032546 035 $a(CaPaEBR)ebr10841652 035 $a(OCoLC)908511416 035 $a(EXLCZ)992430000000022380 100 $a20031112h20052005 uy| 0 101 0 $aeng 135 $aur|n|---||||| 181 $ctxt 182 $cc 183 $acr 200 00$aProfessional guide to diagnostic tests /$feditor, Julie Munden 210 1$aPhiladelphia :$cLippincott Williams & Wilkins,$d[2005] 210 4$dİ2005 215 $a1 online resource (1120 p.) 225 1 $aProfessional Guide Series 300 $aDescription based upon print version of record. 311 $a1-58255-304-1 320 $aIncludes bibliographical references and index. 327 $aHematology -- Hemostasis -- Blood gases and electrolytes -- Enzymes -- Hormones -- Lipids and lipoproteins -- Protein, protein metabolites, and pigments -- Carbohydrates -- Vitamins and trace elements -- Immunohematology -- Immune response -- Urinalysis -- Urine enzymes -- Urine hormones and metabolites -- Urine protein, protein metabolites, and pigments -- Urine sugars, ketones, and mucopolysaccharides -- Urine vitamins and minerals -- Histology -- Microbes and parasites -- Thyroid -- Eye -- Ear -- Respiratory system -- Skeletal system -- Reproductive system -- Nervous system -- Gastrointestinal system -- Cardiovascular system -- Urinary system -- Miscellaneous tests. 410 0$aProfessional Guide Series 606 $aDiagnosis, Laboratory 608 $aElectronic books. 615 0$aDiagnosis, Laboratory. 676 $a616.07/56 701 $aMunden$b Julie$0883407 712 02$aLippincott Williams & Wilkins. 801 0$bMiAaPQ 801 1$bMiAaPQ 801 2$bMiAaPQ 906 $aBOOK 912 $a9910456902203321 996 $aProfessional guide to diagnostic tests$91973193 997 $aUNINA LEADER 01067nam a2200289 i 4500 001 991001651909707536 005 20020502194227.0 008 931213s1991 it ||| | ita 020 $a8802045380 035 $ab10885511-39ule_inst 035 $aLE02373802$9ExL 040 $aDip.to Studi Storici$bita 082 0 $a330 082 $a338.06 245 10$aInnovazione tecnologica e struttura produttiva /$ca cura di Giovanni Zanetti 260 $aTorino :$bUTET,$c[1991] 300 $a353 p. ;$c25 cm. 490 0 $aBiblioteca dell'economista.$n8. Ser., Sez. 8. ;$v1 650 $aAziende$xInnovazione tecnologica 650 $aSviluppo economico e progresso tecnico 700 $aZanetti, Giovanni$d<1937- > 907 $a.b10885511$b23-02-17$c28-06-02 912 $a991001651909707536 945 $aLE023 330.Coll. I, VIII, 1$g1$i2023000007051$lle023$o-$pE0.00$q-$rn$so $t0$u0$v0$w0$x0$y.i10992492$z28-06-02 996 $aInnovazione tecnologica e struttura produttiva$9196761 997 $aUNISALENTO 998 $ale023$b01-01-93$cm$da $e-$fita$git $h0$i1